Jamsa's C the ultimate guide to C/C++ programming
Αποθηκεύτηκε σε:
| Κύριος συγγραφέας: | |
|---|---|
| Άλλοι συγγραφείς: | |
| Μορφή: | Βιβλίο |
| Γλώσσα: | English |
| Δημοσίευση: |
Las Vegas, NV :
Jamsa Press,
c1998
|
| Θέματα: | |
| Ετικέτες: |
Προσθήκη ετικέτας
Δεν υπάρχουν, Καταχωρήστε ετικέτα πρώτοι!
|
MARC
| LEADER | 00000cam a2200000 i 4500 | ||
|---|---|---|---|
| 001 | 1/105994 | ||
| 008 | 000330s1998 eng d | ||
| 020 | |a 1884133258 | ||
| 035 | |l 10059461 | ||
| 040 | |a GR-MY-UA |b gre |e aacr | ||
| 041 | 0 | |a eng | |
| 082 | 0 | |a 005.133 | |
| 100 | 1 | |a Jamsa, Kris, |d 1960- | |
| 245 | 1 | 0 | |a Jamsa's C/C++ programmer's bible : |b the ultimate guide to C/C++ programming / |c by Kris Jamsa and Lars Klander |
| 260 | |a Las Vegas, NV : |b Jamsa Press, |c c1998 | ||
| 300 | |a xiv, 925 p.; |b ill.; |c 27 cm.+ |e 1 computer laser optical disk (4 3/4 in.) | ||
| 500 | |a CD-ROM inludes Borland Turbo C++ Lite | ||
| 504 | |a Includes index | ||
| 650 | 0 | |a C (Computer program language) | |
| 650 | 0 | |a C++ (Computer program language) | |
| 700 | 1 | |a Klander, Lars. | |
| 852 | |a INST |b SAMOS |e 20000330 |h 005.133 JAM |p 005300015485 |q 005300015485 |t BK |y 0 | ||
| 852 | |a INST |b SAMOS |e 20000330 |h 005.133 JAM |p 005300015484 |q 005300015484 |t BK |y 0 | ||
| 901 | |a BIBL3-2000-1 | ||
| 922 | |a 3ΕΛΗ |b 200001 |c ΤΠΕΣ/ΤΑΚΤ |d ΠΑΠΑΣΩΤΗΡΙΟΥ | ||
| 970 | |a ΠΟΥΡΝΑΡΑΣ |b ΔΗΜΗΤΡΗΣ |z 2000/03/30 | ||